Organic Chemistry : (Record no. 73894)

MARC details
000 -LEADER
fixed length control field 00940nam a22002537a 4500
005 - DATE AND TIME OF LATEST TRANSACTION
control field 20130610122044.0
010 ## - LCCN (DPL NO)
LC control number B-492660
020 ## - INTERNATIONAL STANDARD BOOK NUMBER
International Standard Book Number 9788177585421
Terms of availability 750.00
035 ## - SYSTEM CONTROL NUMBER
System control number B-492660
035 ## - SYSTEM CONTROL NUMBER
System control number B-524135-136
037 ## - SOURCE OF ACQUISITION
Source of stock number/acquisition Allied Pub
037 ## - SOURCE OF ACQUISITION
Source of stock number/acquisition K.K.Pub/Ven
082 ## - DEWEY DECIMAL CLASSIFICATION NUMBER
Classification number 547
100 ## - MAIN ENTRY--PERSONAL NAME
Personal name Finar, I. L.
245 ## - TITLE STATEMENT
Title Organic Chemistry :
Statement of responsibility, etc by I. L. Finar
Remainder of title Fundamental principles /
250 ## - EDITION STATEMENT
Edition statement 6th ed.
260 ## - PUBLICATION, DISTRIBUTION, ETC. (IMPRINT)
Place of publication, distribution, etc New Delhi
Name of publisher, distributor, etc Dorling Kindersley(India) with Pearson Education
Date of publication, distribution, etc 2013
270 ## - ADDRESS
Address 11, community centre, panchsheel Park
City New Delhi
300 ## - PHYSICAL DESCRIPTION
Extent 965p
Dimensions 25 cm (pb)
500 ## - GENERAL NOTE
General note Vol. -I Rs. 750.00
942 ## - ADDED ENTRY ELEMENTS (KOHA)
Source of classification or shelving scheme Dewey Decimal Classification
Item type English Books
Call number suffix FIN
Classification part 547
Holdings
Withdrawn status Lost status Not for loan Collection code Home library Current library Date acquired Source of acquisition Cost, normal purchase price Full call number Barcode Copy number Cost, replacement price Koha item type
      Non-fiction Sarojini Nagar Sarojini Nagar 09/03/2013 Allied Pub./DE/2012/CR/1001425/31.1.13/DPL/ZLS/RP/2012-13/2/836/18.1.13/15.2.13 750.00 547 ORG B-492660 1 750.00 English Books
      Non-fiction Sarojini Nagar Sarojini Nagar 10/06/2013 K.K.Pub/BL3096/07.04.2013/172/08.03.2013/16.5.2013 750.00 547 FIN B-524139 1 750.00 English Books
    Not For Loan Reference Sarojini Nagar Sarojini Nagar 10/06/2013 K.K.Pub/BL3096/07.04.2013/172/08.03.2013/16.5.2013 750.00 547 FIN B-524140 1 750.00 English Books

© Delhi Public Library
Hit Counter
free hit counter